Lengua española : nivel medio. (Registro nro. 45919)
[ vista simple ]
| 000 -CABECERA | |
|---|---|
| campo de control de longitud fija | 00259nam a2200097 a 4500 |
| 005 - FECHA Y HORA DE LA ÚLTIMA TRANSACCIÓN | |
| campo de control | 20201002052850.0 |
| 008 - DATOS DE LONGITUD FIJA--INFORMACIÓN GENERAL | |
| campo de control de longitud fija | 150812s2000 000 spa d |
| 040 ## - FUENTE DE LA CATALOGACIÓN | |
| Centro catalogador/agencia de origen | DO-SdBNP |
| 245 #0 - MENCIÓN DE TÍTULO | |
| Título | Lengua española : nivel medio. |
| 260 ## - PUBLICACIÓN, DISTRIBUCIÓN, ETC. | |
| Lugar de publicación, distribución, etc. | Santo Domingo : Corripio, |
| Fecha de publicación, distribución, etc. | 2000. |
No hay ítems disponibles.
